000 00734cam a2200229 a 4500
001 1073531
005 20171214043915.0
008 910606s1991 moua 000 0 eng
010 _a 91073165
020 _a0836218795 :
_c$9.95 ($13.95 Can.)
040 _aDLC
_cDLC
_dDLC
041 _aeng
043 _an-us---
080 _a32 AND
082 _a32 AND
100 1 _a19
101 _aPOL
245 1 0 _aFashions for the new world order :
_cby Pat Oliphant.
906 _a7
_bcbc
_corignew
_d2
_eopcn
_f19
_gy-gencatlg
942 _2ddc
_cBK
999 _c38919
_d38919